000 00621nam a22002177a 4500
003 UA-OsUOA
001 123949
007 ta
008 20170719b un ||||| |||| 00| 0 ukr d
100 _aБашко В. Й.
090 _a330(477)
_bБ33
942 _cSA
040 _aUA-OsUOA
_bukr
_cUA-OsUOA
_dUA-OsUOA
245 _aФіскальна стійкість та бюджетні правила в Україні
300 _aС.26-38
955 _a0
041 _aukr
080 _a330(477)
773 0 _w123947
_tФінанси України
_dК.
_d2017
_g6
650 7 _a330 Економіка взагалі
_2UDC
999 _c411126
_d411126